O caso dos exploradores de cavernas

Bibliographic Details
Main Author: L. Fuller, Lon
Format: Book
Language:Portuguese
Published: Brasil LEUD 2008
Subjects:
Online Access:Acceso restringido

MARC

LEADER 00000nam a22000007a 4500
005 20160419101329.0
007 cr|||| ||u|
008 160419s2008 bl ||||| |||| 00||0 por d
020 |a 978-85-7456-237-7 
035 |a 14138 
040 |a vLex 
090 |c 6003  |d 6003 
100 1 |a L. Fuller, Lon 
245 1 0 |a  O caso dos exploradores de cavernas  |h [Recurso electrn̤ico] /  |c Lon L. Fuller 
256 |a Servicio en ln̕ea  
260 |a Brasil  |b LEUD  |c 2008 
300 |a 1 recurso electrn̤ico  
506 1 |a Contenido solo disponible en los productos indicados  |d vLex Global  |d vLex Global (Academic Edition, excluding Law Schools)  |d vLex Global (U.S. Academic Edition, Law Schools)  |d vLex Global (U.S. Academic Edition, excluding Law Schools)  |d vLex Global (Academic Edition, Law Schools) 
650 0 4 |a Derecho  |z Brasil 
740 0 |a vLex libros (servicio en ln̕ea)  
856 4 0 |u http://vlex.com/source/caso-exploradores-cavernas-14138  |z Acceso restringido  
942 |c BOOK 
999 0 |a Law  |b Brasil